Statistics for Countries Jason Bourne has visited

Click here to take the quiz!

General Stats

  • This quiz has been taken 45 times
  • The average score is 9 of 12

Answer Stats

ContinentCountry% Correct
EuropeFrance
95%
North AmericaUnited States of America
95%
EuropeUnited Kingdom
92%
EuropeGermany
89%
EuropeSpain
89%
Asia/ EuropeRussia
87%
EuropeItaly
79%
AsiaIndia
76%
AfricaMorocco
71%
EuropeGreece
68%
EuropeSwitzerland
68%
EuropeCzech Republic
37%

Score Distribution

Percentile by Number Answered

Percent of People with Each Score

Your Score History

You have not taken this quiz